A projektmódszer alkalmazásának lehetőségei a szakgimnáziumi marketing tantárgy oktatásában

Bibliográfiai részletek
Szerző: Székelyhidi Letícia
További közreműködők: Farkas Dr. Julianna
Dokumentumtípus: Diplomadolgozat
Kulcsszavak:Projektmódszer
Marketing
oktatás
projekt
szakgimnázium
Online Access:http://dolgozattar.uni-bge.hu/11657

MARC

LEADER 00000nta a2200000 i 4500
001 dolg11657
005 20170909103235.0
008 170517suuuu hu om 000 hun d
040 |a BGE Dolgozattár Repozitórium  |b hun 
041 |a hu 
100 1 |a Székelyhidi Letícia 
245 1 2 |a A projektmódszer alkalmazásának lehetőségei a szakgimnáziumi marketing tantárgy oktatásában  |c Székelyhidi Letícia  |h [elektronikus dokumentum] 
246 1 1 |a A projektmódszer alkalmazásának lehetőségei a szakgimnáziumi marketing tantárgy oktatásában 
695 |a Projektmódszer 
695 |a  Marketing  
695 |a oktatás 
695 |a projekt 
695 |a szakgimnázium 
700 1 |a Farkas Dr. Julianna  |e ths 
856 4 0 |u http://dolgozattar.uni-bge.hu/11657/1/Sz%C3%A9kelyhidi_Let%C3%ADcia_Portf%C3%B3li%C3%B3_Szakdolgozat.pdf  |z Dokumentum-elérés